Plasterboard (Record no. 106705)

MARC details
000 -LEADER
fixed length control field 00984cam a22002175a 4500
001 - CONTROL NUMBER
control field L137259
008 - FIXED-LENGTH DATA ELEMENTS--GENERAL INFORMATION
fixed length control field 070327s2007 xxkao f 000 0 eng d
020 ## - INTERNATIONAL STANDARD BOOK NUMBER
International Standard Book Number 9781860819537
035 ## - SYSTEM CONTROL NUMBER
System control number (Sirsi) u137259
041 0# - LANGUAGE CODE
Language code of text/sound track or separate title eng
050 04 - LIBRARY OF CONGRESS CALL NUMBER
Classification number 690.25 $2 18
100 1# - MAIN ENTRY--PERSONAL NAME
Personal name Harrison, Harry
245 00 - TITLE STATEMENT
Title Plasterboard
Remainder of title fixing and finishing non-separating walls and floors
260 ## - PUBLICATION, DISTRIBUTION, ETC.
Place of publication, distribution, etc. Watford
Name of publisher, distributor, etc. IHS BRE Press
Date of publication, distribution, etc. 2007
300 ## - PHYSICAL DESCRIPTION
Extent 6p.
Other physical details ill
Dimensions 30cm.
490 #0 - SERIES STATEMENT
Series statement BRE Good Building Guide
Volume/sequential designation 70(2)
520 ## - SUMMARY, ETC.
Summary, etc. Covers general points on fixing and finishing of plasterboard, using illustrations for walls and floors which do not have any separating or compartmental function, that is to say mainly those in detached houses and bungalows and ceilings in terraced housing. Discusses boarding of ceilings before dealing with drylining to masonry and fixing to stud walls.
651 #4 - SUBJECT ADDED ENTRY--GEOGRAPHIC NAME
Geographic name United Kingdom
Chronological subdivision
690 ## - LOCAL SUBJECT ADDED ENTRY--TOPICAL TERM (OCLC, RLIN)
Topical term or geographic name as entry element BUILT ENVIRONMENT-BUILDING MATERIALS-NON CEMENTITIOUS MATERIALS
942 ## - ADDED ENTRY ELEMENTS (KOHA)
Suppress in OPAC 0
Holdings
Withdrawn status Lost status Source of classification or shelving scheme Damaged status Not for loan Home library Current library Shelving location Date acquired Total Checkouts Full call number Barcode Date last seen Copy number Price effective from Koha item type
    Dewey Decimal Classification     London London Boxed set 21/08/2007   BRE 30073747 06/08/2019 1 06/08/2019 Book